Science Quiz

Random Science or Poem Quiz
Score 0/16 Timer 05:00
2 Plays Today
Question Answer Wrong Answers
All lemur species,
From Ring-tailed to the Aye-aye,
Live on this island
Madagascar
89.8%
Borneo
4.3%
Australia
3.1%
Kyushu
0.8%
Oh dammit, I say!
Teeth growing eternally,
Something's blocked this creek.
Beaver
88.6%
Capybara
3.3%
Anaconda
2.5%
Water Buffalo
2.7%
Flightless. Doomed. Extinct.
Woe! Wiped out on Mauritius
By hungry sailors
Dodo
86.5%
Great Auk
2.9%
Passenger Pigeon
2%
Giant Moa
2.7%
Brawny and hirsute,
The adult male gorilla;
Colorfully named
Silverback
86.5%
Blackfoot
2.4%
Golden King
4.4%
Great White
1.3%
What prodigious girth!
It's the largest animal
In Earth's history.
Blue Whale
84.2%
African Elephant
4.7%
Argentinosaurus
7.9%
Colossal Squid
3%
Our kinds may include
Little, Macaroni, King
Crested, and Chinstrap
Penguin
75.7%
Mouse
2.6%
Duck
8.1%
Salamander
8.7%
Meaning 'jointed foot'
This name describes centipedes,
Crabs, ants, and spiders
Arthropods
75.4%
Molluscs
3.6%
Cnidarians
4.9%
Echinoderms
7.8%
This word, so foxy,
Broadens vocabularies.
A sly adjective!
Vulpine
69.3%
Lupine
16%
Ovine
3.1%
Ursine
4.7%
As a scavenger,
What's my meal of preference?
Carrion items.
Condor
65.6%
Sloth Bear
3.7%
Armadillo
9.2%
Osprey
12.6%
Algae grows on him,
Torpid, arboreal one.
Like watching paint dry.
Sloth
64.9%
Kinkajou
2.4%
Marmoset
1.7%
Tortoise
29.9%
'Of these four creatures,
Who's not a marsupial?'
I wondered aloud.
Tapir
59.8%
Tasmanian Devil
15.6%
Koala
7.6%
Bandicoot
13%
The chosen larva
Must eat this, in large amounts.
New queen bee she'll be!
Royal Jelly
54.7%
Queening Juice
5.9%
Metamopho-sauce
2.1%
Imperial Honey
27.8%
No bones do we need,
Skeletons of cartilage
Swift and light as wind.
Sharks
49.4%
Toads
4%
Dolphins
6.5%
Snakes
30.9%
Behold, the fastest
Of the beasts listed below...
Fifty miles per hour!
Lion
47.5%
Brown Bear
9.6%
Pangolin
13.7%
Giraffe
22.9%
'Our females lay eggs,'
Boasted the strange platypus.
'And our males have these!'
Venomous Ankle Spurs
40.2%
Child-Rearing Pouches
43.2%
Permanent Gills
6.9%
Seasonal Antlers
2.4%
I am a great sieve.
Plankton filters through my maw
In huge quantities
Whale Shark
31.5%
Sperm Whale
50.5%
Walrus
3%
Narwhal
7.2%
Remove Ads.
Support Sporcle.
Get the best of Sporcle when you Go Orange. This ad-free experience offers more features, more stats, and more fun while also helping to support Sporcle. Thank you for becoming a member.

You're not logged in!

Compare scores with friends on all Sporcle quizzes.
OR
Log In

Show Comments

Extras

Top Quizzes Today


Score Distribution

Your Account Isn't Verified!

In order to create a playlist on Sporcle, you need to verify the email address you used during registration. Go to your Sporcle Settings to finish the process.

Report this User

Report this user for behavior that violates our Community Guidelines.

Details: